[Event "Tambov Pavlyutin Memorial 3rd"]
[Site "Tambov"]
[Date "2013.05.18"]
[Round "7"]
[White "Umansky, Vadim"]
[Black "Seryogin, Peter V"]
[Result "1/2-1/2"]
[WhiteElo "2176"]
[BlackElo "2256"]
[PlyCount "49"]
[EventDate "2013.05.15"]
[EventType "tourn"]
[EventRounds "9"]
[EventCountry "RUS"]
[SourceTitle "CBM 154 Extra"]
[Source "ChessBase"]
[SourceDate "2013.06.25"]
[SourceVersion "2"]
[SourceVersionDate "2013.06.25"]
[SourceQuality "1"]

1. e4 g6 2. d4 c6 3. Nf3 Bg7 4. Be2 d5 5. e5 Bg4 6. 0-0 Bxf3 7. Bxf3 e6 8. a4 Nd7 9. Re1 Ne7 10. Nd2 0-0 11. Nf1 c5 12. c3 cxd4 13. cxd4 Nc6 14. Be3 Qb6 15. Qd2 Na5 16. Qe2 Nb3 17. Rad1 Rfc8 18. h4 Rc4 19. a5 Nxa5 20. Rd3 Rac8 21. Bg4 Rc2 22. Qf3 Nc4 23. h5 Qb4 24. Rc3 Ncxe5 25. Qd1 1/2-1/2

[Event "Tambov Pavlyutin Memorial 3rd"]
[Site "Tambov"]
[Date "2013.05.16"]
[Round "3"]
[White "Umansky, Vadim"]
[Black "Abashkin, Aleksandr P"]
[Result "1-0"]
[WhiteElo "2176"]
[BlackElo "1925"]
[PlyCount "111"]
[EventDate "2013.05.15"]
[EventType "tourn"]
[EventRounds "9"]
[EventCountry "RUS"]
[SourceTitle "CBM 154 Extra"]
[Source "ChessBase"]
[SourceDate "2013.06.25"]
[SourceVersion "2"]
[SourceVersionDate "2013.06.25"]
[SourceQuality "1"]

1. e4 c6 2. d4 d5 3. Nc3 dxe4 4. Nxe4 Nd7 5. Bc4 Ngf6 6. Ng3 e6 7. Nf3 Nb6 8. Bd3 c5 9. 0-0 cxd4 10. Nxd4 Bc5 11. Nb3 Be7 12. Qe2 0-0 13. c4 Qc7 14. Nd4 a6 15. b3 Re8 16. Bb2 Nbd7 17. Rad1 Nf8 18. Bb1 b6 19. Rfe1 Bb4 20. Rf1 Bb7 21. Nc2 Be7 22. Ne3 Ng6 23. Ng4 Nf4 24. Nxf6+ Bxf6 25. Qc2 Ng6 26. Bxf6 gxf6 27. Qc1 Nf4 28. f3 Rad8 29. Kh1 Qe5 30. Rde1 Qg5 31. Be4 Bxe4 32. Rxe4 e5 33. Qc2 h5 34. Rfe1 h4 35. Nf1 Nd3 36. Rg4 Qxg4 37. fxg4 Nxe1 38. Qe2 Nd3 39. g3 h3 40. g5 fxg5 41. Qh5 Nf2+ 42. Kg1 Ne4 43. Qxh3 Rd4 44. Ne3 Re6 45. Qh5 Rf6 46. Qg4 Kh7 47. Nf5 Rxf5 48. Qxf5+ Kh6 49. Qxe5 Rd1+ 50. Kg2 Rd2+ 51. Kf3 Nc5 52. Qf6+ Kh7 53. Qxf7+ Kh6 54. Qf6+ Kh7 55. Qxb6 Rd3+ 56. Ke2 1-0

[Event "Tambov Pavlyutin Memorial 3rd"]
[Site "Tambov"]
[Date "2013.05.15"]
[Round "2"]
[White "Shvadchenko, Grigory F"]
[Black "Umansky, Vadim"]
[Result "0-1"]
[WhiteElo "1925"]
[BlackElo "2176"]
[PlyCount "124"]
[EventDate "2013.05.15"]
[EventType "tourn"]
[EventRounds "9"]
[EventCountry "RUS"]
[SourceTitle "CBM 154 Extra"]
[Source "ChessBase"]
[SourceDate "2013.06.25"]
[SourceVersion "2"]
[SourceVersionDate "2013.06.25"]
[SourceQuality "1"]

1. d4 Nf6 2. Nf3 c5 3. d5 d6 4. Nc3 e5 5. e4 Be7 6. Be2 0-0 7. 0-0 a6 8. a4 Ne8 9. Ne1 f5 10. f4 Bf6 11. exf5 Bxf5 12. Bd3 Bxd3 13. Qxd3 exf4 14. Bxf4 Bd4+ 15. Be3 Rxf1+ 16. Kxf1 Be5 17. Nf3 Nd7 18. Ng5 Nf8 19. Kg1 h6 20. Nf3 Nd7 21. Rf1 Nef6 22. Qf5 Qe7 23. Nxe5 Qxe5 24. Qxe5 dxe5 25. h3 Rb8 26. Rd1 Kf7 27. a5 Ke7 28. Na4 c4 29. Nc5 Kd6 30. Nxd7 Nxd7 31. Bd2 Kc5 32. b4+ cxb3 33. cxb3 Nf6 34. Rc1+ Kxd5 35. Rc7 Ne8 36. Re7 Kd4 37. Kf2 Kd3 38. Be3 Nd6 39. Rd7 Rf8+ 40. Ke1 Kxe3 41. Rxd6 Rf7 42. Rg6 e4 43. Rg3+ Kd4 44. Ke2 g5 45. h4 Rf5 46. Rh3 Rxa5 47. hxg5 hxg5 48. Rh7 Ra2+ 49. Kf1 b5 50. g4 Ke3 51. b4 Kf3 52. Ke1 Kxg4 53. Rf7 Kg3 54. Rf5 g4 55. Rf6 Kg2 56. Rf4 e3 57. Rf6 g3 58. Rf8 Kh2 59. Rh8+ Kg1 60. Re8 g2 61. Re6 Kh2 62. Rh6+ Kg3 0-1

[Event "Tambov Pavlyutin Memorial 3rd"]
[Site "Tambov"]
[Date "2013.05.15"]
[Round "1"]
[White "Umansky, Vadim"]
[Black "Petrov, Alexander V"]
[Result "1/2-1/2"]
[WhiteElo "2176"]
[BlackElo "2130"]
[PlyCount "85"]
[EventDate "2013.05.15"]
[EventType "tourn"]
[EventRounds "9"]
[EventCountry "RUS"]
[SourceTitle "CBM 154 Extra"]
[Source "ChessBase"]
[SourceDate "2013.06.25"]
[SourceVersion "2"]
[SourceVersionDate "2013.06.25"]
[SourceQuality "1"]

1. e4 e5 2. Nf3 Nc6 3. Bb5 a6 4. Ba4 f5 5. d3 Nf6 6. 0-0 fxe4 7. dxe4 d6 8. Qd3 Be7 9. Bb3 Na5 10. Ng5 Nxb3 11. Qxb3 Rf8 12. Nc3 h6 13. Ne6 Bxe6 14. Qxe6 Qd7 15. Qc4 Qc6 16. Qd3 Qd7 17. Be3 Qe6 18. Rad1 Kf7 19. Ne2 Kg8 20. Ng3 Rad8 21. c4 c6 22. Bb6 Rd7 23. Nf5 Kh7 24. f3 g6 25. Nxe7 Qxe7 26. Qe3 Qe6 27. b3 d5 28. exd5 cxd5 29. Bd4 Re8 30. Bb2 d4 31. Qd2 Qf5 32. Bc1 g5 33. h4 Rg7 34. hxg5 hxg5 35. Qd3 Qxd3 36. Rxd3 Kg6 37. Re1 Rge7 38. Bb2 Kf7 39. Kf2 Re6 40. Rh1 Kg7 41. g3 Rc8 42. Re1 Rce8 43. Kg2 1/2-1/2

[Event "Tambov Korensky Memorial 21st"]
[Site "Tambov"]
[Date "2012.08.24"]
[Round "7"]
[White "Simakov, Alexey"]
[Black "Umansky, Vadim"]
[Result "1/2-1/2"]
[WhiteElo "2144"]
[BlackElo "2196"]
[PlyCount "20"]
[EventDate "2012.08.18"]
[EventType "swiss"]
[EventRounds "9"]
[EventCountry "RUS"]
[SourceTitle "CBM 150 Extra"]
[Source "ChessBase"]
[SourceDate "2012.10.19"]
[SourceVersion "1"]
[SourceVersionDate "2012.10.19"]
[SourceQuality "1"]

1. d4 d5 2. c4 c6 3. cxd5 cxd5 4. Bf4 Nf6 5. Nf3 Bf5 6. e3 e6 7. Nc3 Nc6 8. Bd3 Bxd3 9. Qxd3 Bd6 10. Bxd6 Qxd6 1/2-1/2

[Event "Tambov Korensky Memorial 21st"]
[Site "Tambov"]
[Date "2012.08.20"]
[Round "3"]
[White "Umansky, Vadim"]
[Black "Korensky, Sergey"]
[Result "0-1"]
[WhiteElo "2196"]
[BlackElo "2248"]
[PlyCount "100"]
[EventDate "2012.08.18"]
[EventType "swiss"]
[EventRounds "9"]
[EventCountry "RUS"]
[SourceTitle "CBM 150 Extra"]
[Source "ChessBase"]
[SourceDate "2012.10.19"]
[SourceVersion "1"]
[SourceVersionDate "2012.10.19"]
[SourceQuality "1"]

1. e4 e5 2. Nf3 Nc6 3. Bb5 a6 4. Ba4 Nf6 5. 0-0 b5 6. Bb3 Be7 7. Re1 d6 8. h3 0-0 9. c3 h6 10. d4 Bd7 11. Nbd2 Re8 12. Nf1 Bf8 13. Ng3 g6 14. Nh4 Na5 15. Nxg6 Nxb3 16. Nxf8 Nxa1 17. Nxd7 Nxd7 18. Bxh6 Re6 19. Nf5 exd4 20. cxd4 c5 21. Qxa1 cxd4 22. b4 Qb6 23. Re3 Rae8 24. Rg3+ Rg6 25. Rxg6+ fxg6 26. Nxd4 Rxe4 27. Nf5 Ne5 28. Be3 Qc7 29. Nh6+ Kh7 30. Ng4 Nxg4 31. hxg4 Qe7 32. Qc3 Rc4 33. Qa3 Rxg4 34. Qxa6 Rxb4 35. g3 Rb1+ 36. Kh2 Qe4 37. Qa7+ Kg8 38. Qb8+ Kf7 39. Qc7+ Qe7 40. Qc6 Qe6 41. Qf3+ Qf5 42. Qb7+ Ke6 43. Qc8+ Kd5 44. Qg8+ Ke4 45. Qa8+ Kd3 46. g4 Qe4 47. Qa3+ Ke2 48. Bc1 Kxf2 49. Qg3+ Ke2 50. Qc3 Qe5+ 0-1

[Event "Tambov Korensky Memorial 21st"]
[Site "Tambov"]
[Date "2012.08.18"]
[Round "1"]
[White "Nikolaev, Alexey S"]
[Black "Umansky, Vadim"]
[Result "0-1"]
[WhiteElo "1997"]
[BlackElo "2196"]
[PlyCount "118"]
[EventDate "2012.08.18"]
[EventType "swiss"]
[EventRounds "9"]
[EventCountry "RUS"]
[SourceTitle "CBM 150 Extra"]
[Source "ChessBase"]
[SourceDate "2012.10.19"]
[SourceVersion "1"]
[SourceVersionDate "2012.10.19"]
[SourceQuality "1"]

1. e4 c5 2. d4 cxd4 3. c3 Nf6 4. e5 Nd5 5. cxd4 d6 6. Nf3 Nc6 7. exd6 Qxd6 8. Nc3 e6 9. Bb5 Bd7 10. 0-0 Be7 11. Re1 0-0 12. a3 Nxc3 13. bxc3 Bf6 14. Bd3 Ne7 15. Bg5 Nd5 16. Bxf6 Nxf6 17. Ne5 Rac8 18. c4 b6 19. a4 Rfd8 20. a5 Be8 21. axb6 axb6 22. Bf1 Qxd4 23. Qxd4 Rxd4 24. Ra6 Rd6 25. Rb1 Rb8 26. c5 Rd5 27. Raxb6 Rc8 28. Nc4 Nd7 29. Rd6 Rdxc5 30. Nb6 Nxb6 31. Rdxb6 Bc6 32. Rb8 Bd5 33. Rxc8+ Rxc8 34. h3 g6 35. Kh2 Kg7 36. Kg3 Rc3+ 37. Kh2 h6 38. Re1 f5 39. Rd1 Kf6 40. Be2 Rc2 41. Re1 g5 42. Kg1 e5 43. g4 f4 44. Bd3 Rc3 45. Bf1 e4 46. Bg2 Ke5 47. Bf1 Rc2 48. Bd3 Rc3 49. Bf1 Bb3 50. Bg2 f3 51. Bf1 Kf4 52. Ra1 e3 53. fxe3+ Rxe3 54. Kf2 Rc3 55. Rb1 Rc2+ 56. Kg1 Bd5 57. Rb5 Bc6 58. Rf5+ Kg3 59. Ra5 f2# 0-1

[Event "Tambov Pavlyutin Memorial 2nd"]
[Site "Tambov"]
[Date "2012.05.18"]
[Round "6"]
[White "Petrov, Alexander V"]
[Black "Umansky, Vadim"]
[Result "1/2-1/2"]
[WhiteElo "2186"]
[BlackElo "2197"]
[PlyCount "58"]
[EventDate "2012.05.15"]
[EventType "tourn"]
[EventRounds "9"]
[EventCountry "RUS"]
[SourceTitle "EXT 2014"]
[Source "ChessBase"]
[SourceDate "2013.11.20"]
[SourceVersion "1"]
[SourceVersionDate "2013.11.20"]
[SourceQuality "1"]

1. e4 e5 2. Nf3 Nf6 3. Nxe5 d6 4. Nf3 Nxe4 5. Qe2 Qe7 6. d3 Nf6 7. Nc3 c6 8. Bg5 Qxe2+ 9. Bxe2 Be7 10. 0-0-0 Be6 11. Rde1 Na6 12. Nd4 Nc7 13. Nxe6 Nxe6 14. Bh4 Kd7 15. Bf3 Rhe8 16. Bg3 d5 17. Kd2 Bd6 18. Bxd6 Kxd6 19. g3 Nd4 20. Bg2 Rxe1 21. Rxe1 Re8 22. Rxe8 Nxe8 23. Ne2 Nxe2 24. Kxe2 Nc7 25. Bh3 Ne6 26. Bxe6 Kxe6 27. d4 Kf5 28. f3 h5 29. h4 g6 1/2-1/2

[Event "Tambov Korensky Memorial 20th"]
[Site "Tambov"]
[Date "2011.08.27"]
[Round "8"]
[White "Kochkin, Alexander G"]
[Black "Umansky, Vadim"]
[Result "1-0"]
[WhiteElo "2296"]
[BlackElo "2246"]
[PlyCount "101"]
[EventDate "2011.08.20"]
[EventType "swiss"]
[EventRounds "9"]
[EventCountry "RUS"]
[SourceTitle "CBM 144 Extra"]
[Source "ChessBase"]
[SourceDate "2011.10.28"]
[SourceVersion "1"]
[SourceVersionDate "2011.10.28"]
[SourceQuality "1"]

1. d4 d5 2. c4 e6 3. Nc3 Be7 4. Nf3 Nf6 5. Bg5 0-0 6. e3 Nbd7 7. Rc1 c5 8. cxd5 exd5 9. dxc5 Nxc5 10. Be2 Nce4 11. Bxf6 Bxf6 12. 0-0 Nxc3 13. bxc3 Qa5 14. Qb3 Bg4 15. Rfd1 Rfd8 16. Nd4 Bxe2 17. Nxe2 Rac8 18. Rd3 Rc7 19. Rcd1 Rc5 20. g3 h6 21. R1d2 Rb5 22. Qd1 Rc5 23. Qb3 Rb5 24. Qd1 Rc5 25. e4 Bxc3 26. Nxc3 Rxc3 27. Rxd5 Rxd5 28. exd5 Rc7 29. Qe2 Qa4 30. Qe5 Rd7 31. Kg2 a6 32. Rd4 Qb5 33. h4 g6 34. h5 g5 35. a4 Qc5 36. Rd3 Qc8 37. Kh2 Kh7 38. Rf3 Qd8 39. Rf6 b5 40. Qf5+ Kg7 41. Rxa6 bxa4 42. Qe5+ Kh7 43. d6 Qc8 44. Qe4+ Kg7 45. Qd4+ Kh7 46. Rxa4 Qc2 47. Ra1 Qf5 48. Ra8 f6 49. Ra7 Kg7 50. Rc7 Kf7 51. Qc4+ 1-0